STN EN 452 Výmenné nadstavby. Výmenné nadstavby triedy A. Rozmery a všeobecné požiadavky

Bibliographic Details
Format: Book
Language:Undetermined
PhysicalDescription:20 s.
Published: Bratislava Slovenský ústav technickej normalizácie 2000

MARC

LEADER 00000nam a2200000 a 4500
001 vtls001425970
003 SK-MaSNL
005 20260224113114.0
008 180126sm y0 xo 0 und
035 |a SNK000380894 
040 |a SNK  |b slo  |c SNK  |e AACR2 
044 |a xo  |c SK 
245 1 |a STN EN 452 Výmenné nadstavby. Výmenné nadstavby triedy A. Rozmery a všeobecné požiadavky 
260 |a Bratislava  |b Slovenský ústav technickej normalizácie  |c 2000 
300 |a 20 s. 
999 |c 985239  |d 987169 
952 |t P60, <03>, [BOOK], {603}  |a SNK  |b SNK  |y PREZ  |7 0  |p 17A0325112  |o snkSTN EN 452  |i snkN 2579/2001  |0 0  |1 0  |4 0  |d 2001-12-14  |l 0  |r 2005-01-02 00:00:00  |w 2026-02-24 
952 |t P60, <04>, [BOOK], {604}  |a SNK  |b SNK  |y VYP  |7 0  |p 17A0325113  |o snkSTN EN 452 D1  |i snkN 2580/2001  |0 0  |1 0  |4 0  |d 2001-12-14  |l 0  |r 2005-01-02 00:00:00  |w 2026-02-24